From Nimbin to Mardi Gras : constructing community arts = De Nimbin a Mardi Gras: la construcción de comunidad de las artes /
Uloženo v:
| Hlavní autor: | |
|---|---|
| Médium: | Neznámo |
| Jazyk: | English |
| Vydáno: |
St. Leonards, NSW, Australia :
Allen & Unwin,
1993.
|
| Témata: | |
| Tagy: |
Přidat tag
Žádné tagy, Buďte první, kdo vytvoří štítek k tomuto záznamu!
|
MARC
| LEADER | 000000000a22000000004500 | ||
|---|---|---|---|
| 001 | 013847 | ||
| 020 | |a 186373466X | ||
| 041 | 0 | |a eng | |
| 082 | 0 | 4 | |a 354.940 |b H393n |
| 100 | 1 | |a Hawkins, Gay | |
| 245 | 1 | 0 | |a From Nimbin to Mardi Gras : |b constructing community arts = De Nimbin a Mardi Gras: la construcción de comunidad de las artes / |c Gay Hawkins. |
| 246 | 3 | 1 | |a De Nimbin a Mardi Gras: la construcción de comunidad de las artes |
| 260 | 1 | |a St. Leonards, NSW, Australia : |b Allen & Unwin, |c 1993. | |
| 300 | |a xxv, 189 páginas : |b ilustraciones ; |c 22 cm. | ||
| 650 | 4 | |a AUSTRALIA | |
| 650 | 4 | |a PROYECTOS ARTISTICOS EN COMUNIDADES | |
| 650 | 4 | |a ARTE Y ESTADO | |
| 500 | |a Colección George Yúdice | ||
| 999 | |c 19760 |d 19760 | ||
| 942 | |c BK |h 354.940 H393n |2 z | ||



